| 000 | 00949cab a2200229 4500 | ||
|---|---|---|---|
| 001 | ABS47858 | ||
| 008 | 090401t xxu||||| |||| 00| 0 eng d | ||
| 035 | _a(Sirsi) u63719 | ||
| 041 | _aeng | ||
| 100 | _aLee, E.M. | ||
| 245 | _aLandslides in Great Britain: investigation and management | ||
| 260 | _c11(3) Winter 1992/93, 258-272 (15) | ||
| 350 | _a0 | ||
| 490 |
_aStructural Survey _v11(3) Winter 1992/93, 258-272 (15) |
||
| 520 | _aConsiders the problems of landsliding and research which has carried out. Various tables are included: adjustments for landslides, usual techniques for investigating the possibility of landsliding, main methods of slope stabilisation and planning guidance categories adopted in Ventnor. The landsliding at Ventnor, Isle of Wight is picked out for reference. | ||
| 650 | _aGROUND INVESTIGATION | ||
| 650 | _aISLE OF WIGHT | ||
| 650 | _aLANDSLIDES | ||
| 690 | _aLAND | ||
| 942 | _n0 | ||
| 948 | _c04/03/1997 | ||
| 999 |
_c39626 _d39626 |
||